000
00329nam a2200133Ia 4500
005
20251222155127.0
008
251222s9999||||xx |||||||||||||| ||spa||
082
_a
EDUM.20
100
_a
FLORES OCHOA,Rafael.
245
0
_a
Investigación Educativa y pedagógica
250
_a
1ra. ed.
264
_b
Mc Graw - Hill
942
_c
LIB
999
_c
38656
_d
38656